000 00308nam a2200121 a 4500
008 110107s1971|||| d
100 1 _aVanko, Augustín
245 1 0 _aV. I. Lenin o socialistickej iniciatíve más
260 _bPravda
_aBratislava
_c1971
020 _c2,50
044 _axo
_cSK
041 _aslo
999 _c15553
_d15553